000 00531nam a22001817a 4500
005 20240313100358.0
008 240313b |||||||| |||| 00| 0 eng d
020 _a9780471311980
082 _a004
_bNAG-C
100 _aNagin, Paul
245 _aComputer Science :
_bA breadth-first approach with pascal /
_cJohn Impagliazzo
260 _aindia:
_bJohn Wiley;
_c1995.
300 _axxii, 730 p. :
_bill,
_c23 cm.
500 _aInclude index.
650 _acomputer science/programming
700 _aJohn Impagliazzo
999 _c35341
_d35341